000 03031cam a22005894i 4500
003 PE-LiUPU
005 20250731173110.0
008 181213s2018 miua rb 001 0 eng d
020 _a1493414364
020 _a9781540960214
035 _a(Sirsi) a251051
040 _aPE-LiUPU
_bspa
_cPE-LiUPU
_erda
049 _aPRUA
082 0 4 _a221.67
_bW19
_223
100 1 _aWalton, John H.,
_eautor.
245 1 0 _aAncient Near Eastern thought and the Old Testament :
_bintroducing the conceptual world of the Hebrew Bible /
_cJohn H. Walton.
250 _aSecond edition.
264 1 _aGrand Rapids, MI :
_bBaker Academic,
_c2018.
300 _a363 páginas :
_bilustraciones ;
_c23 centimetros
336 _atext
_2rdacontent
337 _aunmediated
_2rdamedia
338 _avolume
_2rdacarrier
504 _aBibliografía: páginas 327-341.
504 _aÍndices: páginas 343-363.
505 0 _aComparative studies -- History and methods -- Comparative studies, scholarship, and theology -- Literature of the ancient Near East -- Summary of the literature of the ancient Near East -- Religion -- The gods -- Temples and rituals -- State and family religion -- Cosmos -- Cosmic geography -- Cosmology and cosmogony -- People -- Understanding the past : human origins and role -- Understanding the past : historiography -- Encountering the present : guidance for life -- divination and omens -- Encountering the present: context of life -- cities and kingship -- Encountering the present: guidelines for life -- law and wisdom -- Pondering the future on earth and after death.
526 _aSEG42
526 _aSEG41
526 _aSEG40
526 _aSEG39
526 _aP94
526 _aP87
526 _aP86
526 _aP85
526 _aP77
526 _aP76
526 _aP35
650 1 4 _aLiteratura de Oriente Medio
_xRelación con el Antiguo Testamento.
630 0 4 _aBiblia.
_pA.T.
_xCrítica, interpretación, etc.
630 0 4 _aBiblia.
_pA.T.
_xEstudios comparativos.
630 0 4 _aBiblia.
_pA.T.
_xParalelos extracanónicos.
910 _adbm
_bsag
_csag
_d20181213
910 _adbm
_bsag
_csag
_d20181217
910 _adbm
_bksl
_cksl
_d20190102
942 _2ddc
_cBOOK
994 _aC0
_bPEPRU
596 _a1
999 _a221.67 W19
_wDEWEY
_c30503
_i79414
_f2021-11-9
_g4
_lCCODEBUL1
_mBUL
_p18.00
_r0
_sY
_tBOOK
_u2018-12-13
_xTEOLOGIA
_PP85
_0COMPRA
_1FCOMPR2
_o.STAFF. Colección Teología
_d30503
999 _a221.67 W19
_wDEWEY
_c2
_i79416
_d2019-2-11
_f2021-11-9
_g4
_lCCODEBUL1
_mBUL
_p18.00
_q1
_r0
_sY
_tBOOK
_u2018-12-17
_xTEOLOGIA
_PP85
_0COMPRA
_1FCOMPR2
_o.STAFF. Colección Teología
999 _a221.67 W19
_wDEWEY
_c3
_i79773
_d2019-10-23
_e2019-10-22
_f2021-11-9
_g4
_lCCODEBUL1
_mBUL
_n1
_p18.00
_r0
_sY
_tBOOK
_u2019-1-2
_xTEOLOGIA
_PP85
_0COMPRA
_1FCOMPR2
_o.STAFF. Colección Teología
980 _81
_gALBERTO SANCHEZ Responsable de Automatización